00473nam a2200169 4500003001100000005001700011008004100028020001500069040003900084041000800123082001600131100002400147245004300171260004500214650002400259650002000283LK-CoMWRAF20230905152518.0230905b1994 |||||||| |||| 00| 0 eng d a8172242875 aLK-CoMWRAFdLK-CoMWRAFeLK-CoMWRAF aeng a954.03bCHA aChaudhuri, Nirad C. aThe Autobiography of an unknown Indian aBombe :bJaico publishing house, c1994 aIndia -- Biography  aAutobiographies